000 01080cam a2200253 4500
001 WS122023
008 030416n 000 0 eng u
035 _a(Sirsi) u122023
110 _aNational Association of Industrial and Office Properties
_94442
245 _aNational Association of Industrial and Office Properties
520 _aWeb site for this national association which represents the interests of developers and owners if industrial, office and related commercial real estate in North America. Includes an archive of deal makers, a list of universities offering real estate degrees, details of government affairs and a buyers guide for related services.
650 _aCANADA
650 _aUNITED STATES
650 _aINTERNATIONAL
650 _aORGANISATION
650 _aE-LEARNING
650 _aINDUSTRIAL PROPERTY
650 _aOFFICES
650 _aQUALIFICATIONS
650 _aCAREERS, EDUCATION AND TRAINING
690 _aCOMMERICAL PROPERTY
856 4 0 _uhttps://www.naiop.org
_zView the website free of charge at www.naiop.org...
942 _n0
999 _c120275
_d120275